| 000 | 00479nam a2200205Ia 4500 | ||
|---|---|---|---|
| 008 | 210210b1926 xxu||||| |||| 00| 0 eng d | ||
| 041 | _aeng | ||
| 082 | _a954/350 | ||
| 100 | _aRAWLINSON (H G) | ||
| 245 | _aAccount of the last battle of Panipat | ||
| 260 |
_aLondon _bOxford University Press _c1926 |
||
| 650 | _athe | ||
| 650 | _aPanipat | ||
| 650 | _aof | ||
| 650 | _alast | ||
| 650 | _abattle | ||
| 650 | _aAccount | ||
| 690 | _aIndian History | ||
| 906 | _a026110 | ||
| 999 |
_c152048 _d152048 |
||